Statistiques concernant Méga-Pokémons

Cliquez ici pour prendre le quiz!

Statistiques générales

  • Ce quiz a été pris 800 fois
    (649 depuis la dernière actualisation)
  • Le résultat moyen est 34 sur 46

Statistiques - réponses

#Méga-Pokémon% Correct
006Dracaufeu
99%
009Tortank
99%
003Florizarre
97%
150Mewtwo
91%
257Brasegali
90%
018Roucarnage
90%
260Laggron
89%
015Dardargnan
88%
254Jungko
88%
384Rayquaza
84%
094Ectoplasma
80%
282Gardevoir
78%
130Léviator
78%
448Lucario
78%
380Latias
76%
381Latios
76%
065Alakazam
75%
376Métalosse
75%
373Drattak
74%
475Gallame
74%
719Diancie
72%
302Ténéfix
71%
127Scarabrute
70%
208Steelix
70%
445Carchacrok
69%
212Cizayox
69%
531Nanméouie
69%
362Oniglali
69%
319Sharpedo
69%
323Camerupt
68%
115Kangourex
67%
303Mysdibule
66%
181Pharamp
66%
214Scarhino
66%
248Tyranocif
66%
229Démolosse
65%
310Elecsprint
65%
334Altaria
63%
306Galeking
62%
142Ptéra
62%
354Branette
59%
460Blizzaroi
58%
428Lockpin
58%
359Absol
57%
080Flagadoss
56%
308Charmina
55%

Distribution des résultats

Percentile par nombre de réponses

% des personnes avec chaque résultat

Votre développement - résultats

Vous n’avez pas pris ce quiz depuis la dernière actualisation